| 000 | 00571cam a22001691a 4500 | ||
|---|---|---|---|
| 001 | 000006984 | ||
| 005 | 20200929154034.0 | ||
| 008 | 750422s1971 pr ac b 000 0 spa | ||
| 040 |
_aDO-SdBNP _bspa _cBNPHU |
||
| 090 |
_axxxx _bA277M |
||
| 100 | 1 |
_aAgramonte, Roberto D., _d1904- _919421 |
|
| 245 | 1 | 0 |
_aMartí y su concepcion del mundo / _cRoberto D. Agramonte. |
| 260 |
_aPuerto Rico : _bUniversitaria, _c1971. |
||
| 300 |
_a815 p. : _bretr. ; _c24 cm. |
||
| 500 | _aIncluye índice onomástico | ||
| 504 | _aIncluye referencias bibliográficas y notas al pie de las páginas | ||
| 999 |
_c6768 _d6768 |
||